[Event "Bogota Mentes op"]
[Site "Bogota"]
[Date "2019.09.18"]
[Round "5"]
[White "Benavides Moncayo, Olga"]
[Black "Torres Moya, Rodrigo"]
[Result "1-0"]
[WhiteElo "1873"]
[BlackElo "1662"]
[PlyCount "57"]
[EventDate "2019.09.16"]
[EventType "swiss"]
[EventRounds "5"]
[EventCountry "COL"]
[SourceTitle "CBM 192 Extra"]
[Source "Chessbase"]
[SourceDate "2019.11.06"]
[SourceVersion "1"]
[SourceVersionDate "2019.11.06"]
[SourceQuality "1"]

1. e4 e6 2. d4 d5 3. Nd2 Nf6 4. e5 Nfd7 5. Bd3 c5 6. c3 Nc6 7. Ne2 f6 8. exf6 Nxf6 9. 0-0 c4 10. Bc2 Bd6 11. Nf3 e5 12. dxe5 Bxe5 13. Nxe5 Nxe5 14. Bf4 Ng6 15. Bg5 Ne5 16. Bxf6 Qxf6 17. Qxd5 Be6 18. Ba4+ Kf7 19. Qxb7+ Kg6 20. Bc2+ Nd3 21. Nd4 Rhd8 22. Qe4+ Bf5 23. Nxf5 Qxf5 24. Qxf5+ Kxf5 25. Rad1 Kf4 26. b3 Ne5 27. Rfe1 Nd3 28. g3+ Kf5 29. bxc4 1-0

[Event "Tunja Boyacense op"]
[Site "Tunja"]
[Date "2018.12.15"]
[Round "5"]
[White "Torres Moya, Rodrigo"]
[Black "Ramirez, Francisco Javier"]
[Result "0-1"]
[WhiteElo "1494"]
[BlackElo "1890"]
[PlyCount "50"]
[EventDate "2018.12.13"]
[EventType "swiss"]
[EventRounds "7"]
[EventCountry "COL"]
[SourceTitle "CBM 187 Extra"]
[Source "ChessBase"]
[SourceDate "2018.11.04"]
[SourceVersion "1"]
[SourceVersionDate "2018.11.04"]
[SourceQuality "1"]

1. d4 Nf6 2. c4 d6 3. Nc3 g6 4. e4 Bg7 5. Nf3 0-0 6. h3 Nbd7 7. Be2 c6 8. 0-0 e5 9. d5 c5 10. Be3 Ne8 11. Nd2 f5 12. exf5 gxf5 13. f4 a6 14. g4 fxg4 15. Bxg4 exf4 16. Bxf4 Bd4+ 17. Kh1 Ne5 18. Bh6 Rf6 19. Bxc8 Rxh6 20. Be6+ Rxe6 21. dxe6 Qh4 22. Kh2 Nf6 23. Nf3 Nfg4+ 24. Kg2 Ne3+ 25. Kh2 N5g4+ 0-1

[Event "Tunja Boyacense op"]
[Site "Tunja"]
[Date "2018.12.14"]
[Round "2"]
[White "Montenegro, Juan Rolando"]
[Black "Torres Moya, Rodrigo"]
[Result "1-0"]
[WhiteElo "2123"]
[BlackElo "1494"]
[PlyCount "79"]
[EventDate "2018.12.13"]
[EventType "swiss"]
[EventRounds "7"]
[EventCountry "COL"]
[SourceTitle "CBM 187 Extra"]
[Source "ChessBase"]
[SourceDate "2018.11.04"]
[SourceVersion "1"]
[SourceVersionDate "2018.11.04"]
[SourceQuality "1"]

1. e4 e6 2. d3 e5 3. f4 d6 4. Nf3 Nc6 5. g3 Nf6 6. Bg2 Bg4 7. h3 Bxf3 8. Qxf3 exf4 9. Bxf4 Nd4 10. Qf2 Ne6 11. Be3 g6 12. Nc3 Bg7 13. 0-0-0 Nd7 14. d4 c5 15. dxc5 Bxc3 16. bxc3 Ndxc5 17. e5 Qa5 18. exd6 Qa3+ 19. Kd2 Rd8 20. Bxc5 Nxc5 21. Qe2+ Ne6 22. Qb5+ Kf8 23. Qb4 Qxb4 24. cxb4 Rxd6+ 25. Kc3 Rxd1 26. Rxd1 Ke7 27. Bxb7 Rb8 28. Bg2 Ng7 29. a4 Nf5 30. Rd3 Rd8 31. Rxd8 Kxd8 32. g4 Ne3 33. Bf3 f5 34. Kd3 Nf1 35. g5 Kd7 36. c4 Nh2 37. Bg2 f4 38. Ke4 f3 39. Bxf3 Nxf3 40. Kxf3 1-0